000
00319nam a2200133Ia 4500
100
_a
Gilberg/Richard F/ Forouzan
942
_c
RB
654
_a
datastructures
245
_a
Datastructures:A Pseudocode approach with C
260
_b
Thomsan Learning
_c
1998
082
_a
5.72
_b
GIL
300
_a
671
546
_a
ENGLISH
999
_c
21219
_d
21219